000 00481nam a22001457a 4500
005 20260422102550.0
008 260422b |||||||| |||| 00| 0 eng d
050 _aRES HF 5415.129 .N93 2017
_bC. 1
100 _aNYANGAU JUDITH KENGAYA
245 _aASSESSMENT ON THE IMPACT OF DISTRIBUTION CHANNELS ON PERFORMANCE OF ORGANISATIONS
_bA CASE OF NYAMACHE TEA FACTORY
260 _aKISII
_bKSU
_c2017
300 _aiX, 26P., ILL.
500 _aINCLUDES REFERENCES
942 _2lcc
_cREF
999 _c217045
_d217045